| 000 | 01046nam a2200277 i 4500 | ||
|---|---|---|---|
| 001 | 161802 | ||
| 003 | ES-MaACL | ||
| 005 | 20250820063050.0 | ||
| 008 | 980128e1872 sp a |r 001 0dspa d | ||
| 040 |
_aNA _bspa _cNA |
||
| 080 | _a929 Pérez del Álamo, R.(093.32) | ||
| 080 | _a946.815 Loja "1861"(093.32) | ||
| 080 | _a946"1843/73"(093.32) | ||
| 100 | 1 |
_aPérez del Álamo, Rafael, _d1827-1911 _eaut _990816 |
|
| 245 | 1 | 0 |
_aApuntes sobre dos revoluciones andaluzas / _cpor Rafael Pérez del Álamo |
| 260 |
_aSevilla (Plaza de San Francisco, nº 7) : _b[s.n.], _c1872 _f(Imp. y Litografía) |
||
| 300 |
_a200 páginas, [1] hoja de lámina ; _c21 cm |
||
| 599 | 1 | _aLa h. de lám., posterior a la port., es un retrato firmado del autor. | |
| 651 | 4 |
_aLoja (Granada)- _xHistoria _9241830 |
|
| 651 | 4 |
_aEspaña- _xHistoria- _yS.XIX- _vRelatos personales _98356 |
|
| 752 |
_aEspaña - _dSevilla |
||
| 852 | 4 |
_aES-MaACL _cSVI _jD-603 |
|
| 942 |
_2udc _cMONANT _n0 |
||
| 999 |
_c161802 _d161802 |
||